000 00705nam a2200229Ia 4500
003 OSt
005 20220923213312.0
006 a|||||r|||| 00| 0
007 ta
008 220922b |||||||| |||| 00| 0 hin d
024 _a160,577
037 _cTextual
040 _aARTS
_cARTS
_bhin
041 _2hin
_ahin
082 _aO152,2vM7, L3
100 _aझा, प्रताप नारायण
245 0 _aमैथिली नाटक का उद्भव और विकास
246 _aMaithilī nāṭak kā udbhav aur vikāsa
260 _c1973
942 _hO152,2vM7, L3
_cTEXL
_2CC
999 _c315324
_d315324